Loading...
Any History | 6 | 18.33 | 100% | 50% | 33% |
Current Events | 7 | 21.43 | 100% | 100% | 14% |
Fine Arts - Classical Music | 15 | 14.00 | 100% | 33% | 7% |
Fine Arts - Other Fine Arts | 8 | 21.25 | 100% | 100% | 13% |
Geography | 3 | 13.33 | 100% | 33% | 0% |
History - American History | 9 | 14.44 | 89% | 44% | 11% |
History - European History | 10 | 16.00 | 100% | 40% | 20% |
History - World History | 9 | 16.67 | 100% | 67% | 0% |
Literature - American Literature | 8 | 20.00 | 100% | 63% | 38% |
Literature - British Literature | 13 | 16.92 | 100% | 62% | 8% |
Literature - European Literature | 7 | 20.00 | 100% | 86% | 14% |
Literature - World Literature | 11 | 16.36 | 100% | 55% | 9% |
Mythology | 5 | 16.00 | 100% | 40% | 20% |
Other Academic | 2 | 15.00 | 100% | 50% | 0% |
Painting & Sculpture | 11 | 15.45 | 100% | 55% | 0% |
Philosophy | 10 | 22.00 | 100% | 70% | 50% |
Religion | 12 | 18.33 | 92% | 75% | 17% |
Science - Biology | 8 | 17.50 | 100% | 75% | 0% |
Science - Chemistry | 12 | 25.00 | 100% | 83% | 67% |
Science - Other Science | 14 | 18.57 | 93% | 86% | 7% |
Science - Physics | 10 | 25.00 | 100% | 80% | 70% |
Social Science | 10 | 16.00 | 100% | 50% | 10% |